Insurance underwriting : a managerial perspective (Record no. 188287)

MARC details
000 -LEADER
fixed length control field 00470nam a2200157Ia 4500
008 - FIXED-LENGTH DATA ELEMENTS--GENERAL INFORMATION
fixed length control field 231217s9999 xx 000 0 und d
020 ## - INTERNATIONAL STANDARD BOOK NUMBER
International Standard Book Number 8178811103
041 ## - LANGUAGE CODE
Language code of text/sound track or separate title English
082 ## - DEWEY DECIMAL CLASSIFICATION NUMBER
Classification number 368.012 SEE;1 R
100 ## - MAIN ENTRY--PERSONAL NAME
Personal name Seethapathi, K. Rao, Ramakrishna T S. Jawaharlal, U ed.
245 #0 - TITLE STATEMENT
Title Insurance underwriting : a managerial perspective
260 ## - PUBLICATION, DISTRIBUTION, ETC.
Date of publication, distribution, etc. 2002
Name of publisher, distributor, etc. Icfai
Place of publication, distribution, etc. Hyderabad
300 ## - PHYSICAL DESCRIPTION
Extent iii, 205+A15
650 ## - SUBJECT ADDED ENTRY--TOPICAL TERM
Topical term or geographic name entry element Insurance,underwriting,managerial
942 ## - ADDED ENTRY ELEMENTS (KOHA)
Koha item type Books
Holdings
Date last seen Total checkouts Full call number Accession number Cost, total (INR) price Price effective from Category Public note Lost status Damaged status Department Withdrawn status Home library Current library Shelving location Entry date Vendor Cost, normal purchase price Grants Billnumber Billdate Currency symbol Conversion rate Discount Old discount
26/01/2024   368.012 SEE;1 R 64683 38.00 26/01/2024 Books 64683     Central Library   Central Library Central Library Central Library 24/08/2010 ICFAI Press 38.00 MBA 1993 25/02/2014 RS 1    
26/01/2024   368.012 SEE;2 R1 64684 38.00 26/01/2024 Books 64684     F-Block Annex   Central Library Central Library F-Block Library Annex 24/08/2010 ICFAI Press 38.00 MBA 1993 25/02/2014 RS 1    

© For any Suggestions or Query, please contact the library staff @ librarian@pes.edu or Phone: +9180 2672 1983/ 2108.